HUMAN RESOURCE PLANNING AND DEVELOPMENT (Record no. 35248)
[ view plain ]
| 000 -LEADER | |
|---|---|
| fixed length control field | 00261nam a2200109Ia 4500 |
| 008 - FIXED-LENGTH DATA ELEMENTS--GENERAL INFORMATION | |
| fixed length control field | 240625s9999 xx 000 0 und d |
| 041 ## - LANGUAGE CODE | |
| Language code of text/sound track or separate title | eng |
| 082 ## - DEWEY DECIMAL CLASSIFICATION NUMBER | |
| Classification number | 658.3 ELE |
| 100 ## - MAIN ENTRY--PERSONAL NAME | |
| Personal name | 3G LEARNING |
| 245 ## - TITLE STATEMENT | |
| Title | HUMAN RESOURCE PLANNING AND DEVELOPMENT |
| 260 ## - PUBLICATION, DISTRIBUTION, ETC. | |
| Date of publication, distribution, etc. | 2014 |
| Withdrawn status | Lost status | Damaged status | Not for loan | Home library | Current library | Shelving location | Date acquired | Full call number | Barcode | Date last seen | Price effective from | Koha item type |
|---|---|---|---|---|---|---|---|---|---|---|---|---|
| IMTN | IMTN | Rack 24-B | 05/16/2019 | 658.3 ELE | CD2276 | 06/25/2024 | 06/25/2024 | CD |